| 000 | 00655cab a2200217 4500 | ||
|---|---|---|---|
| 001 | WB3145-18 | ||
| 008 | 090401t1995 xxu||||| |||| 00| 0 eng d | ||
| 035 | _a(Sirsi) u40700 | ||
| 041 | _aeng | ||
| 245 | _aTrust considers access limits | ||
| 260 | _c1995 | ||
| 350 | _a0 | ||
| 490 |
_aEstates Gazette _v(9547) 25 November 1995, 77(1) |
||
| 520 | _aA National Trust report looks into the type and frequency of access suitable for preserving National Trust land. | ||
| 650 | _aACCESS TO COUNTRYSIDE | ||
| 650 |
_aLand use _96251 |
||
| 650 | _aNATIONAL TRUST | ||
| 690 | _aENVIRONMENTAL AND LAND CONSULTANCY | ||
| 942 | _n0 | ||
| 948 | _c04/03/1997 | ||
| 999 |
_c26083 _d26083 |
||